000 00382nam a22001577a 4500
003 OSt
008 230227b |||||||| |||| 00| 0 eng d
041 _amal
082 _a302.23
_bSAJ/DO
100 _aSajan, G
_95402
245 _aDoorangalillatha lokam
250 _I4th
260 _aThiruvananthapuram
_CChintha Publishers
_c2018
300 _a92
942 _cBK
999 _c17644
_d17644